00623nam a22002297a 4500003000500000005001700005008004100022010001000063011001000073035001000083040000900093082001400102100002000116245004700136260005900183300001100242490002800253650003200281650002800313650002400341830002800365CHAP20220817041845.0971013s1974 r 00010 d a26697 a27669 a31770 cCHAP a327.1bK300aKaplan, Marcos. aModelos mundiales y participación social aMéxico, D. F. :bFondo de Cultura Económica,c1974 a123 p. aArchivo del Fondov; 2414aOrganismos internacionales.14aPolítica económica.14aPolítica mundial.0 aArchivo del Fondov; 24